000 01608cam a2200409 i 4500
001 on1331546444
003 OCoLC
005 20220706133428.0
008 220622s2022 nyua 000 1 eng d
040 _aNjBwBT
_beng
_erda
_cFSP
_dFSP
_dOCLCQ
_dIUK
_dYU6
_dWACOL
020 _a9781838778866
_q(hardcover)
020 _a1838778861
_q(hardcover)
035 _a(OCoLC)1331546444
043 _an-us---
050 1 4 _aPR9405.9.S5
_bS76 2022
082 0 4 _a823/.914
_223/eng/20220614
092 _afiction
_bSmith
049 _aWACL
100 1 _aSmith, Wilbur A.,
_eauthor.
_98089
245 1 0 _aStorm tide /
_cWilbur Smith ; with Tom Harper.
264 1 _aNew York, New York :
_bZaffre,
_c2022.
300 _a457 pages :
_billustration ;
_c24 cm
336 _atext
337 _aunmediated
338 _avolume
490 1 _aThe Courtney series
520 _a"A brand-new historical epic, set against the backdrop of the American revolution. The Courtney family is torn apart as three generations fight on opposing sides of a terrible war that will change the face of the world forever"--
_cProvided by pubisher
521 _aadult fiction
_bmicromarketing
650 0 _aCourtney family (Fictitious characters)
_vFiction.
_95722417
651 0 _aUnited States
_xHistory
_yRevolution, 1775-1783
_vFiction.
_95675682
655 0 _aHistorical fiction.
655 7 _aHistorical fiction.
_2lcgft
655 7 _aNovels.
_2lcgft
700 1 _aHarper, Tom,
_d1977-
_eauthor.
_977694
800 1 _aSmith, Wilbur A.
_tCourtney series.
_96013441
994 _aC0
_bWACOL
999 _c375178
_d375178